| 000 | 00638nam a22001577a 4500 | ||
|---|---|---|---|
| 003 | OSt | ||
| 005 | 20150920141100.0 | ||
| 008 | 150920b xxu||||| |||| 00| 0 eng d | ||
| 040 | _cRUA | ||
| 082 | _aAGR CHH 2006 BO33 Or.1 | ||
| 100 |
_9934 _aCHHE, PUTHEAVY |
||
| 245 | _aTHE USE OF ORCANIC PESTICIDES ON CROPS IN KOMPONG THOM PROVINCE,(ការប្រើប្រាស់ថ្នាំពុលផ្សំពីរុក្ខជាតិ លើដំណាំកសិកម្ម នៅក្នុងខេត្តកំពង់ធំ). | ||
| 260 |
_aPHNOM PHEN _bRUA _c2006 |
||
| 300 |
_aXI,46p. _bill. _c29cm. |
||
| 942 |
_2ddc _cAGR |
||
| 999 |
_c900 _d900 |
||